| 000 | 01250nam a2200385 i 4500 | ||
|---|---|---|---|
| 001 | 55964 | ||
| 003 | KOSZ 005 | ||
| 005 | 20211210101611.0 | ||
| 008 | 090421s2008 pl a f f |001 0 pol | ||
| 015 | _aPB 9607/2009 | ||
| 020 | _a9788324614783 | ||
| 040 |
_aWA N _cWA N _dKOSZ 005/HR |
||
| 041 | 1 |
_apol _heng |
|
| 046 | _k2008 | ||
| 080 | _a004.438 | ||
| 080 | _a(07) | ||
| 100 | 1 |
_aHorstmann, Cay S. _d(1959- ) _eAutor |
|
| 245 | 1 | 0 |
_aJava : _bpodstawy / _cCay S. Horstmann, Gary Cornell ; [tł. Łukasz Piwko]. |
| 246 | 1 |
_iTyt. oryg.: _aCore Java. _nVol. 1, _pFundamentals, _f2008. |
|
| 260 |
_aGliwice : _bWydawnictwo Helion, _ccop. 2008. |
||
| 300 |
_a887 s. : _bil. ; _c25 cm. |
||
| 380 | _aKsiążki | ||
| 380 | _aPublikacje fachowe | ||
| 388 | _a2001- | ||
| 500 | _aWyd. 8 odnosi się do oryg. | ||
| 504 | _aIndeks. | ||
| 650 | 4 | _aJava (język programowania) | |
| 655 | 4 | _aPodręcznik | |
| 658 | _aInformatyka i technologie informacyjne | ||
| 700 | 1 |
_aPiwko, Łukasz _eTłumaczenie |
|
| 700 | 1 |
_aCornell, Gary _eAutor |
|
| 710 | 2 |
_aHelion _4pbl. |
|
| 856 |
_uhttp://koha.tu.koszalin.pl/cgi-bin/koha/opac-detail.pl?biblionumber=55964 _yKatalog online BPK |
||
| 942 |
_2UKD _cKS |
||
| 999 |
_c55964 _d55964 |
||